MDQL
is popping MORE tags! Check the
thread
!
Quizzes
Events
Quiz Creation
Community
Videos
Private Events
Remove Ads
Sign In
Join for FREE
Feedback
Dark Mode
Quiz Categories
Sports
Geography
Music
Movies
Television
Just For Fun
Miscellaneous
History
Literature
Language
Science
Gaming
Entertainment
Religion
Holiday
For Kids
Quiz Lab
Recent
Popular Today
Quiz Kudos Today
Editor Picks
Curator Picks
Quizzes by...
Day
Popularity
Type
Ratings
Length
Year
Community
Subscriptions
Recent Discussions
Orange Saloon
Badges
Playlists
Quests
Create
Leaderboards
Showdown
Live 5
Trivia Bingo
Activity
Puzzle Library
Sporcle Events
Private Events
Virtual Trivia
Globe League
Become a Host
Pub Owners
SporcleCon
Opinionation
Our Games
Videos
Blog
Mobile Apps
Partnerships
Remove Ads and Go Orange
Feedback
Television
TV Characters
TV Show
Sitcom
Network
Friends
Reality Shows
Cast
South Park
Star Trek
The Simpsons
Doctor Who
Television
TV Characters
TV Show
Sitcom
Network
Friends
Reality Shows
Cast
South Park
Star Trek
The Simpsons
Doctor Who
Random Quiz
Search Sporcle
×
Quiz Lab
Quiz Lab
Television
Quote
Type in answers that appear in a list
Type in answers that appear in a list
Classic
Best Score? Go Orange.
ANTM Memorable Quotes Stats
Can you name the who said the most memorable quotes in ANTM?
By
Bazoo
6m
50 Questions
1,743 Plays
1,743 Plays
1,743 Plays
Comments
Comments
Give Quiz Kudos
Give Quiz Kudos
-
- Ratings
hide this ad
Forced Order
Answers have to be entered in order
Answers have to be entered in order
Random Order
Randomize order of answers
Randomize order of answers
Replay
Link that replays current quiz
Next Quiz
Link to next quiz in quiz playlist
You Got
0%
They Got
Avg Score
54%
Avg Friend Score
Upgrade to see
Score Distribution
Jump to the score distribution portion of the page
Score
0/50
Timer
06:00
0
Plays Today
Quote
Contestant
% Correct
'This is not America's Next Top Best Friend.'
Jade Cole
76.4%
'I have a really big fascination with blood, and I think it just looks really pretty.'
Allison Harvard
74.9%
'I'm legally blind. And I'm going to be about 30 when I go completely blind.'
Amanda Swafford
71.7%
'I'm gonna show you, America. You ain't ready for this yellow fever. One time for the Asians.'
Sheena Sakai
70.5%
'This is my signature walk, and this is what's going to make me famous.'
Camille McDonald
70.4%
'Did you pull that stick out of your ass from last panel?'
CariDee English
70.2%
'I'm an exotic biracial butterfly.'
Jade Cole
69.4%
'Oh great. My first step in Rome and I eat it on the ground.'
Anya Kop
67.1%
'I got eliminated on my freaking graduation day.'
Brooke Miller
66.4%
'Bitch poured beer on my weave!'
Tiffany Richardson
66.3%
'I'll always remember this, shooting with an elephant. It reminds me of an ancient dinosaur. ‘Cause they are in the dinosaur family.'
Jade Cole
66.1%
'I just want to tell you that some people have war in their countries.'
Natasha Galkina
65.1%
'I was born with a bloody eyeball.'
Nicole Fox
64.7%
'I didn't understand Robin's assertion that her hair made her look like a prostitute. But then again, I'm not really familiar with prostitute trends.'
Elyse Sewell
64%
'Stealing is taking it, you don’t know who took it, and you never see it again.'
Bre Scullark
63.7%
'Everyone freakin' says to me that I'm a diva! So how do I not be a diva?'
Eva Pigford
63.3%
'Everyone just needs to calm down. Take a break. Eat a cookie!'
Lisa D'Amato
62.8%
'I'm not 20, stripping at some club. Do you really think America's Next Top Model is going to be an exotic dancer?'
Bianca Golden
62%
'Opening a sliding door in Japan seriously takes five minutes.'
Norelle Van Herk
61.1%
'Nobody else took it there, like nobody was like, 'Yo Jade, you look like an 85 year old woman.''
Joanie Dodds
61%
'I know how to conduct myself. Bitch, I worked at a bank, I worked at a bank. Do you think I talk like this at a bank?'
Angelea Preston
60.5%
'Brazilia!'
Dominique Reighard
60.2%
'Check yo thighs in da mirror! And I'm done.'
Bianca Golden
59.9%
'If you don't stand for something, you will fall for anything.'
Robin Manning
59.5%
'A T-
shirt?! Whatcha gonna do with a T-
shirt?'
Dionne Walters
58.4%
Quote
Contestant
% Correct
'I want to be like freaking Mother Teresa, but in a diva kind of way, okay?'
Dominique Reighard
57.9%
'I'm a strong bitch but I'm a weak bitch.'
Angelea Preston
57.4%
'Booked!'
Angelea Preston
56.7%
'Tooch.'
Allison Harvard
56.1%
'But I'm the talent!'
Alexandria Everett
55.8%
'I am (name) and I am America's Next Top Model.'
ShaRaun Brown
54.8%
'I believe that if the animal's alive you shouldn't kill it to make a coat of anything, but if it's already dead than you can take the skin off and just make a coat.'
Kathleen DuJour
54.2%
'I'm strong, I'm alpha, I'm the lioness. I'm getting what I want because I'm going to do it, no matter what.'
Alexandria Everett
54%
'Call me when you become an All-
Star!'
Bianca Golden
53.7%
'Honestly, I don't know anything about Tibet except that people want to free it.'
Erin Wagner
52.6%
'These girls, myself included, have been like monkeys in a cage, and you drop big bananas inside, of course they're going to tear the peels off.'
April Wilkner
46.4%
'Maybe I should've peed in a diaper or something so people would remember me.'
Brittany Brower
46.3%
'I don’t like semen. I don’t like semen on my hand.'
Kendal Brown
45.6%
'I don't really get to know this stuff. I am a model, not a masseuse.'
Furonda Brasfield
44.9%
'I didn't know we could do it to ourselves.'
Shannon Stewart
44.5%
'We'll be wearing dresses made of hair. Whose hair?!'
Alasia Ballard
44.4%
'I was thinking I'm a sea nymph on acid scaling a wall in the sunshine.'
Victoria Marshman
44.1%
'How do you make a hotdog gay and lesbian and free?'
Laura Kirkpatrick
42.2%
'I feel so frustrated with the va-
jay-
jay shaving party.'
McKey Sullivan
41.1%
'Bianca, what the f***? I'm mostly hungry.'
Allison Harvard
39.7%
'My body is a temple and my temple wants cheesecake.'
Kortnie Coles
35.4%
'I thought you had to be 18 to get on the show, but apparently six-
year-
olds can come on, too.'
Lexie Tomchek
32.7%
'Put your eyebrows down, Bianca.'
Lulu Braithwaite
27.9%
1.7%
1.6%
Quiz Playlist
Details
Report
Send in Message
Add To Playlist
Classic:
Type in answers that appear in a list
Forced Order:
Answers have to be entered in order
Random Order:
Randomize order of answers
Last Updated: Dec 7, 2018
Quiz Scoreboard
CHALLENGE
Sign Up to Join the Scoreboard
Show All
Scores
Hide
Comments
May contain spoilers
Recently Published
Colored Red Africa Blitz
by spor1
Geography
30s
Find the 'City' Movie
by crazypaving
Movies
60s
5x2 Blitz: Bands
by SL_Kpop136
Music
30s
More to Explore
Quiz From the Vault
Featured Blog Post
14 Easter Pick-up Lines to Find Eggs With
hide this ad
You Might Also Like...
Tags
Quote Quiz
antm
ANTM Contestants
Today's Top Quizzes in Television
Browse Television
hide this ad
Today's Top Quizzes in Quote
Browse Quote
Top Contributed Quizzes in Television
1
Survivor Journey Challenge
2
Brooklyn Nine Nine Logic Puzzle (How-To-Play)
3
Total Drama Characters
4
Phoebe Buffay Quotes
5
Survivor Trivia
6
Survivor Logic Puzzle: Heroes vs. Villains
7
Emmerdale Characters (from August 2012)
8
One Tree Hill Logic Puzzle
9
Adjectives in 00s TV Shows
10
All US Survivor Seasons in Order
Explore More
Trending Topics
Crossword
Harry Potter
Kpop
NBA
Marvel
Anime
Disney
Pokémon
Country
Soccer
WWE
NFL
The Office
Puzzle
Song
hide this ad
More By:
Bazoo
Quiz
Plays
Rating
Category
Featured
Created
One Direction Songs
2,471
3.33
Music
Nov 7, 2011
ANTM Memorable Quotes
1,743
2.75
Television
Dec 8, 2011
ANTM Most Bottom Two Appearances
1,644
4.00
Television
Nov 6, 2011
ANTM All-Stars Call-Out Order
990
2.00
Television
Dec 8, 2011
ANTM Most Second Call-Outs
635
4.00
Television
Nov 6, 2011
Go to Creator's Profile
Score Distribution
Quiz Creator Spotlight
Bazoo
Follow
Send a Message
Quizzes Created
-
Created Quiz Play Count
-
More By This Creator
Popular Quizzes Today
1
Colored Red Africa Blitz
2
Find the 'City' Movie
3
5x2 Blitz: Bands
4
Find the US States - No Outlines Minefield
5
The Countries of the World
6
Find the US States
7
US States
8
Find the Countries of Europe - No Outlines Minefield
More Television Quizzes
TV Shows by Letter Y
Quiz Lab
Trending Quizzes
Colored Red Europe Blitz I
Colored Red Europe Blitz II
Colored Red Africa Blitz II
Colored Red Europe Blitz III
Colored Red Africa Blitz III
Recently Updated
How Do You Spell That?
pecheneg
Godzilla Movies
pecheneg
Grab Bag: 4-10 Letters
pecheneg
2024 March Madness Bracket
pecheneg
Famous TV Couples
Peacemaker
Champions League XIs: Real Madrid
pecheneg
Largest US Cities 1790-2010
pecheneg
Rides in Walt Disney World
pecheneg
Most Oscar Losses (Acting)
pecheneg
Beyoncé Albums
pecheneg
Trending Topics
Disney
Anime
Crossword
NBA
Kpop
Marvel
Harry Potter
NFL
Pokémon
Song
Puzzle
Country
The Office
Soccer
WWE
Your Account Isn't Verified!
In order to create a playlist on Sporcle, you need to verify the email address you used during registration. Go to your
Sporcle Settings
to finish the process.
Report this User
Report this user for behavior that violates our
Community Guidelines
.
Details:
Send Report
Go to the Sporcle.com Mobile Site →
Comments